Văn phạm Pháp ngữ: Giản yếu

Zapisane w:
Opis bibliograficzny
Format: Książka
Wydane: 1992
Etykiety: Dodaj etykietę
Nie ma etykietki, Dołącz pierwszą etykiete!
Thư viện lưu trữ: Mạng thư viện Đại học Đà Nẵng
LEADER 00455nam a22001811a 4500
001 000036462
003 12757
005 20160408151547.0
008 160408s1992 000
082 |a 4P(07) 195-98 
245 |a Văn phạm Pháp ngữ: Giản yếu  |c Nguyễn Văn Tạo 
260 |c 1992 
OWN |a LNN 
999 |a From the UDN01 
TYP |a Monograph 
980 |a Mạng thư viện Đại học Đà Nẵng